000 01521nam0a22002771 4500
001 rc\4855876
005 20250612195251.0
021 _aRU
_bРг3171-66
035 _a(NLR Aleph) 008816625
090 _a8195448
_c8195448
100 _a20130426d1965 |||y0rusy50 ca
101 0 _arus
102 _aRU
105 _ay b |||||
200 1 _aКаталог
_f[Сост. и авт. вступ. статьи Попов П.В.]
210 _aАшхабад
_cБ. и.
_d1965
215 _a30 с.
_d17
225 1 _aМинистерство культуры Туркменской ССР. Министерство народного образования Туркменской ССР. Государственный музей изобразительных искусств ТССР. Туркменское государственное художественное училище. Шестая отчетная выставка дипломных работ учащихся Художественного училища
_vВып. 1965 г.
702 1 _4220
_4080
_aПопов
_bП. В.
_cхудожник, искусствовед
_f1922-
_gПавел Васильевич
_9232790
_3RU\NLR\AUTH\770232846
710 1 2 _aТуркменское художественное училище (Ашхабад). Выставка дипломных работ учащихся (1965)
801 0 _aRU
_bNLR
_gpsbo
801 1 _aRU
_bELAR
_2rusmarc
852 _aNLR
_bЭ
_jКА988,2/1965
942 _cBOOK
980 _aNB